Aasian pääkaupungit - Äkkikuolema - Statistics

Yleistilastot
  • Tätä visaa on pelattu 100 kertaa
    69 viimeisimmän päivityksen jälkeen
  • Keskiarvotulos 22 / 49
Answers on the Grid
Answers color-coded by a green-red scale on the quiz's grid according to % correct below.
Abu Dhabi
Aleppo
Alexandria
Almaty
Amman
Ankara
Ašgabat
Astana
Bagdad
Baku
Bandar Seri Begawan
Bangkok
Beirut
Biškek
Busan
Chiang Mai
Daegu
Damaskos
Dhaka
Dili
Doha
Dubai
Dušanbe
Giza
Gori
Hanoi
Hongkong
Hudžand
Hồ Chí Minh
Islamabad
Istanbul
Jakarta
Jedda
Jerevan
Jerusalem
Kabul
Kairo
Kalkutta
Kandahar
Karachi
Kathmandu
Kota Kinabalu
Kotte
Kuala Lumpur
Kuwait
Lahore
Lhasa
Malé
Manama
Manila
Masqat
Mosul
Mumbai
Naypyidaw
New Delhi
Nikosia
Osaka
Peking
Phnom Penh
Pjongjang
Quezon City
Riad
Sanaa
Shanghai
Singapore
Soul
Surabaya
Tainan
Taipei
Taškent
Tbilisi
Teheran
Tel Aviv
Thiumphu
Tianjin
Tokio
Ulan Bator
Ürümqi
Vientiane
Vladivostok
 
Vastaustilastot
Vastaus % Oikein
Bagdad
91%
Ankara
88%
Bangkok
84%
Amman
72%
Beirut
72%
Abu Dhabi
69%
Astana
63%
Baku
63%
Doha
63%
Dhaka
56%
Damaskos
53%
Jakarta
53%
Jerusalem
50%
Biškek
47%
Hanoi
47%
New Delhi
47%
Peking
47%
Pjongjang
47%
Soul
47%
Tokio
47%
Kabul
44%
Manila
41%
Singapore
41%
Teheran
41%
Ašgabat
38%
Bandar Seri Begawan
38%
Dili
38%
Islamabad
38%
Jerevan
38%
Riad
38%
Taipei
38%
Tbilisi
38%
Dušanbe
34%
Kathmandu
34%
Kuala Lumpur
34%
Kuwait
34%
Nikosia
34%
Kairo
31%
Taškent
31%
Kotte
28%
Phnom Penh
28%
Sanaa
28%
Ulan Bator
28%
Vientiane
28%
Malé
25%
Manama
25%
Masqat
25%
Naypyidaw
25%
Thiumphu
19%
Ehtoja vastaavia visoja ei löytynyt
Tulosjakauma
Jokaisen tuloksen saaneiden osuus
Persentiili vastausten määrän mukaan
Tuloshistoriasi
Et ole pelannut tätä visaa sen viimeisimmän päivityksen jälkeen